000 01376ngm a22003250a 4500
001 PT17576
003 AR-LpoUNG
005 20210202000251.0
007 vd cvaizq
008 191001s1985||||ag |||||||||||||||||spa d
037 _c$13.33
040 _aAR-LpoUNG
_bspa
_cAR-LpoUNG
_eaacr
041 _aspa
044 _aag
082 0 _a940.531 8 297v3
100 1 _aLanzmann, Claude
_edir.
245 1 0 _aShoah
260 _aBuenos Aires :
_bBlackman,
_c[1985].
300 _aVHS (143 min.) : son., col.
520 _aEl director pasó once años recorriendo el mundo en busca de prisioneros que hayan sobrevivido a los campos de concentración, comandantes de la SS y testigos oculares de la Solución Final : el esfuerzo nazi por exterminar seres humanos sistemáticamente. Con testimonios extraordinarios Shoah muestra el proceso de exterminación paso a paso: los detalles minuciosos de itinerarios y finanzas, la logística de llevar a las víctimas como ganado a las cámaras de gas para luego dehacerse de los cadáveres, los procedimientos burocráticos que facilitaban la matanza de millones de personas sin mencionar las palabras matanza o persona.
650 4 _aALEMANIA
650 4 _aGENOCIDIO
650 4 _aVICTIMAS
653 _aCINE
653 _aDOCUMENTALES
653 _aNAZISMO
653 _aVIDEOS
905 _a17576
942 _cVIDEO
999 _c54481
_d54481